Verbreitung der deutschen Sprache - Statistiken

Allgemein
  • Dieses Quiz wurde 265 mal gespielt
  • Das Durchschnittsergebnis liegt bei 11 aus 15
Antwortstatistiken
Platz Land Anteil Anzahl % Korrekt
1. Deutschland 90,1% 75.000.000
100%
2. Österreich 88,6% 7.901.000
100%
3. Schweiz 62,5% 5.398.000
100%
5. Vereinigte Staaten 0,6% 1.977.000
94%
9. Polen 1,3% 493.000
92%
11. Belgien 0,7% 81.000
91%
4. Russland 1,5% 2.162.000
85%
10. Italien 0,5% 298.000
83%
8. Kanada 1,3% 494.000
80%
15. Tschechien 0,5% 53.000
80%
6. Brasilien 0,5% 1.063.000
67%
13. Ungarn 0,7% 68.000
59%
12. Rumänien 0,4% 77.000
44%
7. Kasachstan 3,1% 581.000
27%
14. Paraguay 0,9% 64.000
17%
Keine übereinstimmenden Quizze gefunden
Verteilung der Resultate
Anzahl Personen mit jedem Resultat
Perzentil nach korrekt beantworteten Fragen
Ihre Resultats-Entwicklung
Sie haben dieses Quiz noch nicht gespielt